Formación de maestros e investigación educativa /

Bibliographic Details
Other Authors: Quiroz, Rafael (coord.)
Format: Libro
Language:Spanish
Published: México DIE 1988
Edition:1a. ed.
Series:Memorias
Subjects:
Online Access:

MARC

LEADER 00000cam a2200000 a 4500
001 014688
003 UAHC_CL
005 20170803121151.0
008 091014s1988 mx 000 spa
020 |a 9682921023 
040 |a UAHC_CL  |c UAHC_CL  |d UAHC_CL 
082 0 4 |a 370.71  |b F723  |2 20 
245 1 0 |a Formación de maestros e investigación educativa /  |c Rafael Quiroz (coordinador). 
250 |a 1a. ed. 
260 |b DIE  |a México  |c 1988 
300 |a 115 p. 
490 0 |a Memorias 
650 4 |a PROFESORES  |x FORMACION PROFESIONAL 
700 1 |a Quiroz, Rafael  |e coord. 
900 |a 370.71 FORI 
942 |c BK 
952 |0 0  |1 0  |4 0  |6 370_710000000000000_FORI  |7 0  |8 General  |9 29389  |a BC  |b BC  |c General  |d 2017-08-03  |o 370.71 FORI  |p 1374842  |r 2026-01-13 00:00:00  |t 1  |w 2017-08-03  |y BK 
999 |c 14688  |d 14688